000 01227nam a22003497a 4500
003 CHAP
005 20220329134653.0
008 971013s1982 r 00010 d
010 _a23998
011 _a24970
035 _a29070
040 _cCHAP
082 _a629.1
_bB7
100 0 0 _aBredehoelf, John D.
_915192
245 _aGround-water models
260 _aParis :
_bUNESCO,
_c1982
300 _a2 v.
_b: ilus. ; gráfs.
490 _aStudies and reports in hydrology
_v; 34
505 _aContenido : v.1 Concepts, problems, and of analysis with examples of their application.--v.2 Principles of groundwater modelling
590 _aBATCH-UPD
_b10
_c20130110
_lUCH01
_h0155
590 _aBATCH-UPD
_b10
_c20130110
_lUCH01
_h2104
590 _aBATCH-UPD
_b10
_c20130409
_lUCH01
_h2158
590 _aBATCH-UPD
_b10
_c20130410
_lUCH01
_h1416
590 _aBATCH-UPD
_b10
_c20130914
_lUCH01
_h0748
590 _aCONVERSION
_b10
_c20130109
_lUCH01
_h1314
650 1 4 _aAgua subterranea.
_92456
650 1 4 _aHidráulica
_zMéxico (D.F.).
_955231
830 0 _aStudies and reports in hydrology
_v; 34
_9110054
901 _aBK
942 _cLIBRO
949 _a629.1 B7
_bBC
_cLIBRO
_d33724000026167
_eLIBRO
_gI. 125950
_h65623
_i29070
_si
999 _c23998
_d23998